Statistics for Top 10 Chelsea Starting XI

Click here to take the quiz!

General Stats

  • This quiz has been taken 1,833 times
  • The average score is 32 of 49

Answer Stats

TeamPlayer% Correct
2004-05, 2005-06, 2006-07, 2007-08, 2008-09, 2009-10, 2013-14Petr Čech
99%
2004-05, 2005-06, 2006-07, 2007-08, 2009-10Didier Drogba
98%
2014-15, 2016-17Thibaut Courtois
98%
2013-14, 2014-15, 2016-17Eden Hazard
95%
2003-04, 2004-05, 2005-06, 2006-07, 2007-08, 2008-09, 2009-10, 2013-14, 2014-15John Terry
95%
2003-04, 2004-05, 2005-06, 2006-07, 2007-08, 2008-09, 2009-10, 2013-14Frank Lampard
94%
2013-14, 2014-15, 2016-17César Azpilicueta
90%
2005-06, 2006-07, 2007-08Michael Essien
88%
2009-10, 2013-14, 2014-15Branislav Ivanović
86%
2004-05, 2006-07, 2009-10Ricardo Carvalho
86%
2006-07, 2007-08, 2008-09, 2009-10Ashley Cole
85%
2016-17David Luiz
85%
2005-06, 2007-08Joe Cole
85%
2014-15, 2016-17Nemanja Matić
85%
2014-15, 2016-17Diego Costa
84%
2006-07, 2008-09, 2009-10Michael Ballack
84%
2013-14, 2014-15, 2016-17Gary Cahill
83%
2016-17N'Golo Kanté
83%
2006-07Andriy Shevchenko
81%
2007-08, 2008-09, 2009-10John Obi Mikel
81%
2013-14, 2014-15Oscar
79%
2016-17Marcos Alonso
78%
2013-14, 2014-15Willian
77%
2014-15Cesc Fàbregas
76%
2008-09, 2009-10Nicolas Anelka
75%
2013-14Fernando Torres
74%
2003-04, 2004-05, 2005-06, 2006-07Claude Makélélé
73%
2016-17Pedro
72%
2005-06Arjen Robben
71%
2016-17Victor Moses
71%
2013-14Ramires
69%
2008-09, 2009-10Florent Malouda
68%
2007-08, 2008-09Salomon Kalou
66%
2008-09José Bosingwa
57%
2003-04, 2004-05, 2005-06William Gallas
53%
2004-05Eiður Guðjohnsen
50%
2007-08, 2008-09Alex
49%
2004-05, 2005-06, 2006-07Paulo Ferreira
47%
2004-05Damien Duff
44%
2003-04Adrian Mutu
35%
2003-04Jimmy Floyd Hasselbaink
35%
2003-04Carlo Cudicini
30%
2004-05Tiago Mendes
30%
2005-06Asier del Horno
21%
2003-04Wayne Bridge
21%
2007-08Juliano Belletti
17%
2003-04Jesper Grønkjær
15%
2003-04Mario Melchiot
13%
2003-04Scott Parker
9%

Score Distribution

Percentile by Number Answered

Percent of People with Each Score

Your Score History

You have not taken this quiz